000 00964nam a2200265Ia 4500
003 GCL
008 140319s9999 xx 000 0 ara d
040 _aGCL /
_cGCL
082 0 4 _a301.36
_bم ا
100 1 _aمحمد يسرى ابراهيم دعبس
245 1 0 _aاقتصاديات مجتمع الانفتاح - دراسة فى الانثروبولوجيا الاقتصادية /
_cمحمد يسرى ابراهيم دعبس
700 1 _aمحمد عبده محجوب (تقديم)
260 _a[S.N] :
_bالمؤلف ،
_c1991
300 _a592 ص
490 _aالسلسلة السوسيوانثيرويولوجية
_v0
650 0 4 _aالاقتصاد
650 0 4 _aالمجتمع
650 0 4 _aالاجتماع
650 0 4 _aالتغير الاجتماعى
650 0 4 _aالاجتماع الاقتصادى
650 0 4 _aالادخار
650 0 4 _aتكاليف مستوى المعيشة
650 0 4 _aالاستهلاك
942 _2ddc
_cBK
999 _c58725
_d58725